000 02563cam a2200649 a 4500
001 ocm62895769
003 OCoLC
005 20200320192737.0
008 051208s2006 nyua b 000 1 eng
010 _a 2005035616
020 _a0316011800
020 _a9780316011808
020 _c15.99
029 1 _aIG#
_b0316011800
029 1 _aYDXCP
_b2473535
029 1 _aNZ1
_b10644486
029 1 _aAU@
_b000040062070
035 _a(OCoLC)62895769
040 _aDLC
_beng
_cDLC
_dIG#
_dBAKER
_dJSZ
_dYDXCP
_dBTCTA
_dVP@
_dEHH
_dLF8
_dJQF
_dSMP
_dCQU
_dBDX
_dOCLCF
_dP4I
_dWACOL
042 _alcac
049 _aWACL
050 0 0 _aPZ7.B81668
_bCho 2006
082 1 4 _a[E]
_222
092 _aE
_bBro
100 1 _aBrown, Peter,
_d1979-
_95810277
245 1 0 _aChowder /
_cby Peter Brown.
250 _a1st ed.
260 _aNew York :
_bLittle, Brown,
_c2006.
300 _a1 v. (unpaged) :
_bcol. ill. ;
_c29 cm.
520 _aChowder the bulldog has never fit in with the other neighborhood canines, but he sees a chance to make friends with the animals at the local petting zoo.
521 _aChildrens
_b, gift
650 1 _aBulldog
_vFiction.
_95890999
650 1 _aDogs
_vFiction.
_95674795
650 1 _aPetting zoos
_vFiction.
_95891000
650 1 _aAnimals
_vFiction.
_95678722
650 0 _aBulldog
_vJuvenile fiction.
_95729636
650 0 _aDogs
_vJuvenile fiction.
_95674840
650 0 _aPetting zoos
_vJuvenile fiction.
_95678508
650 0 _aAnimals
_vJuvenile fiction.
_95678723
650 7 _aAnimals.
_2fast
_0(OCoLC)fst00809468
_95891001
650 7 _aBulldog.
_2fast
_0(OCoLC)fst00841482
_980587
650 7 _aDogs.
_2fast
_0(OCoLC)fst00896265
_95891002
650 7 _aPetting zoos.
_2fast
_0(OCoLC)fst01059960
_95891003
655 7 _aFiction.
_2fast
_0(OCoLC)fst01423787
_95673940
655 7 _aJuvenile works.
_2fast
_0(OCoLC)fst01411637
_95673941
856 4 2 _3Contributor biographical information
_uhttp://catdir.loc.gov/catdir/enhancements/fy0742/2005035616-b.html
856 4 2 _3Publisher description
_uhttp://catdir.loc.gov/catdir/enhancements/fy0904/2005035616-d.html
938 _aIngram
_bINGR
_n0316011800
938 _aYBP Library Services
_bYANK
_n2473535
938 _aBaker & Taylor
_bBKTY
_c15.99
_d11.99
_i0316011800
_n0006705063
_sactive
938 _aBaker and Taylor
_bBTCP
_nBK0010210102
938 _aBrodart
_bBROD
_n05256410
_c$15.99
942 _cBOOK
_037
948 _a09/04/2014
_zSirsi
994 _a02
_bWACOL
996 _a111650
_b34301001381500
_cE
_dbk
_ewcl
_fi
_g37
_h15.99
_lgift
_mBro
_p09/05/2014
_q04/22/2019
_r04/01/2019
999 _c284490
_d284490